000 00830nam a2200241 i 4500
003 DO-SdBNP
005 20231114141351.0
006 a||||gr|||| 00| 0
007 ta
008 231114m1994 dr a|||| |||| 00| j spa d
040 _aDO-SdBNP
_bspa
_cBNPHU
_erda
082 4 _222
_bT969
100 1 _aTwain, Mark,
_d1835-1910
_95013
_eautor
245 1 0 _aEl príncipe y el mendigo. /
_cMark Twain ; versión, María Pilar Puig ; ilustraciones, Juan Francisco Puig.
264 1 _aSanto Domingo :
_bTobogán,
_c2008
300 _a141 páginas :
_bIlustraciones ;
_c23 cm.
336 _2rdacontent
_atexto
_btxt
337 _2rdamedia1
_asin mediación
_bn
338 _2rdacarrier
_avolumen
_bnc
500 _aIncluye datos biográficos del autor en la solapa de la contracubierta
590 _aInventariado 2023 / MF
942 _2ddc
_cLBS1
999 _c55493
_d55493